000 00365nam a2200157 a 4500
082 0 0 _a201
_bHAR
100 _aHartshrone, M H
245 _aFaith to Doubt
260 _aUsa
_bPrentice-Hall, Inc.,
_c1963
300 _a111p
500 _aincludes index and biblioraphy
505 2 _a(Notes)
650 _aFaith and Reason
700 1 _aHartshrone, M H
942 _cBK
999 _c2782
_d2782